High Court Misc Application No........ of 2000 (Arising out of HCCS No. 659 of 1996) Henry Munyanganizi Vs Attorney General (Record no. 4544)
[ view plain ]
| 000 -LEADER | |
|---|---|
| fixed length control field | 00794nam a22001217a 4500 |
| 008 - FIXED-LENGTH DATA ELEMENTS--GENERAL INFORMATION | |
| fixed length control field | 110705t xxu||||| |||| 00| 0 eng d |
| 010 ## - LIBRARY OF CONGRESS CONTROL NUMBER | |
| LC control number | HCMA F-139 |
| 245 ## - TITLE STATEMENT | |
| Title | High Court Misc Application No........ of 2000 (Arising out of HCCS No. 659 of 1996) Henry Munyanganizi Vs Attorney General |
| 260 ## - PUBLICATION, DISTRIBUTION, ETC. (IMPRINT) | |
| Date of publication, distribution, etc | 2000 |
| 500 ## - GENERAL NOTE | |
| General note | Under 0.10 rules 12,14,and 24 Civil Procedure Rules Section 23 (1)(a) : and (2) of the Government Proceedings Act (Cap 69 ) and Rules 13 (b) The Civil Procedure Government(Government Proceedings ) Rules S.I. 69-1) |
| Withdrawn status | Lost status | Source of classification or shelving scheme | Damaged status | Koha normalized classification for sorting | Not for loan | Location (home branch) | Sublocation or collection (holding branch) | Shelving location | Date acquired | Koha issues (times borrowed) | Koha full call number | Piece designation (barcode) | Koha date last seen | Price effective from | Koha item type |
|---|---|---|---|---|---|---|---|---|---|---|---|---|---|---|---|
| Dewey Decimal Classification | HCMA__F139 | Law Development Centre Main Library | Law Development Centre Main Library | Law Reports | 07/11/2011 | HCMA_F139 | 2011/3000 | 07/11/2011 | 07/11/2011 | Un Reported Cases | |||||
| Dewey Decimal Classification | HCMA__F139 | Law Development Centre Main Library | Law Development Centre Main Library | Law Reports | 07/11/2011 | HCMA_F139 | 2011/3001 | 07/11/2011 | 07/11/2011 | Un Reported Cases |
